UBT Library

(Record no. 39217)

000 -LEADER
fixed length control field 00217nam a22001097a 4500
008 - FIXED-LENGTH DATA ELEMENTS--GENERAL INFORMATION
fixed length control field 171220b xxu||||| |||| 00| 0 eng d
020 ## - INTERNATIONAL STANDARD BOOK NUMBER
International Standard Book Number 9781405104128
041 ## - LANGUAGE CODE
Language code of text/sound track or separate title eng
080 ## - UNIVERSAL DECIMAL CLASSIFICATION NUMBER
Universal Decimal Classification number 579
100 ## - Rafti
Rafti 11
101 ## - Shkurtesa
Shkurtesa MIK

No items available.

UBT Library © 2015-2024. All rights reserved University Education for Business and Technology